Statistiken für Tipp für Tipp

Klicken Sie hier um das Quiz zu spielen!

Allgemein

  • Dieses Quiz wurde 125 mal gespielt
  • Das Durchschnittsergebnis liegt bei 10 aus 15

Antwortstatistiken

HintAntwort% Korrekt
Portugal - Juventus Turin - 7Cristiano Ronaldo
90%
Rennen - Unfall - 7facher WeltmeisterMichael Schumacher
88%
Microsoft - Milliardär - AmerikanerBill Gates
86%
Pippi - Schweden - KinderbücherAstrid Lindgren
81%
Basketball - Schuhe - Chicago BullsMichael Jordan
77%
2 Weltkrieg - Victory - BriteWinston Churchill
73%
Niederlande - Ohr - 12 SonnenblumenVincent van Gogh
71%
The King - Locke - GracelandElvis Presley
68%
Kanada - Hailey - BabyJustin Bieber
65%
Idar-Oberstein - Stirb langsam - GlatzeBruce Willis
64%
1963 - Dallas - Marilyn MonroeJohn F Kennedy
64%
Honolulu - 44 - MichelleBarack Obama
63%
16 Jahre - Einheit - SpendenaffäreHelmut Kohl
61%
1492 - Indien - Santa MariaChristoph Columbus
54%
Pferdeschanz - Mac Miller - Sam & CatAriana Grande
29%

Verteilung der Resultate

Perzentil nach korrekt beantworteten Fragen

Anzahl Personen mit jedem Resultat

Ihre Resultats-Entwicklung

Sie haben dieses Quiz noch nicht gespielt